000 00937 a2200253 4500
003 NUST
005 20231004194904.0
008 171211b xxu||||| |||| 00| 0 eng d
020 _a0194313484
020 _a9780194313483
040 _cNUST
082 _a428.2
_bTHO
100 1 _aThomson, Audrey Jean.
_97145
245 1 0 _aPractical english grammar :
_ba classic grammar reference with clear explanations of grammatical structures and forms /
_cAudrey Jean Thomson.
250 _alow priced ed ed.
260 _aNew York :
_bOxford University Press,
_c1987.
300 _a384 p. ;
_c22 cm.
500 _aPaperback.
520 _aThis is a clear, comprehensive reference grammar.
700 1 _aMartinet, A.V.
_97146
856 4 0 _3Amazon.com
_uhttp://www.amazon.com/exec/obidos/ASIN/0194313484/chopaconline-20
856 4 0 _3Amazon customer reviews
_uhttp://www.chopac.org/cgi-bin/tools/azrev.pl?q=0194313484
942 _cBK
_2ddc
999 _c332510
_d332510